Perception of total quality management in secondary education by school teachers and students / (Record no. 27060)

MARC details
000 -LEADER
fixed length control field 00459nam a2200145Ia 4500
082 ## - DEWEY DECIMAL CLASSIFICATION NUMBER
Classification number RS.0808
100 ## - MAIN ENTRY--AUTHOR NAME
Personal name Saha, Birbal
245 #0 - TITLE STATEMENT
Title Perception of total quality management in secondary education by school teachers and students /
Statement of responsibility, etc Birbal Saha
260 ## - PUBLICATION, DISTRIBUTION, ETC. (IMPRINT)
Place of publication New Delhi :
Name of publisher/Sponsor Indian Council of Social Science Research,
Year of publication 2017
300 ## - PHYSICAL DESCRIPTION
Number of Pages 126p
650 ## - SUBJECT ADDED ENTRY--TOPICAL TERM
Topical Term Education
650 ## - SUBJECT ADDED ENTRY--TOPICAL TERM
Topical Term Secondary Education
650 ## - SUBJECT ADDED ENTRY--TOPICAL TERM
Topical Term Total Quality Mnagement
942 ## - ADDED ENTRY ELEMENTS (KOHA)
Source of classification or shelving scheme Dewey Decimal Classification
Koha item type Research Reports
Holdings
Withdrawn status Lost status Damaged status Not for loan Collection code Home library Current library Date acquired Source of acquisition Full call number Accession Number Price effective from Koha item type
      Not For Loan ICSSR Research Project Reports NASSDOC Library NASSDOC Library 18/11/2021 Gifted by: RP Division ICSSR RS.0808 51692 17/12/2021 Research Reports